|
|
|
|
| LEADER |
03496nam a2200589 4500 |
| 001 |
978-3-540-46502-7 |
| 003 |
DE-He213 |
| 005 |
20191024202241.0 |
| 007 |
cr nn 008mamaa |
| 008 |
121227s2000 gw | s |||| 0|eng d |
| 020 |
|
|
|a 9783540465027
|9 978-3-540-46502-7
|
| 024 |
7 |
|
|a 10.1007/3-540-46502-2
|2 doi
|
| 040 |
|
|
|d GrThAP
|
| 050 |
|
4 |
|a Q334-342
|
| 072 |
|
7 |
|a UYQ
|2 bicssc
|
| 072 |
|
7 |
|a COM004000
|2 bisacsh
|
| 072 |
|
7 |
|a UYQ
|2 thema
|
| 082 |
0 |
4 |
|a 006.3
|2 23
|
| 245 |
1 |
0 |
|a Large-Scale Parallel Data Mining
|h [electronic resource] /
|c edited by Mohammed J. Zaki, Ching-Tien Ho.
|
| 250 |
|
|
|a 1st ed. 2000.
|
| 264 |
|
1 |
|a Berlin, Heidelberg :
|b Springer Berlin Heidelberg :
|b Imprint: Springer,
|c 2000.
|
| 300 |
|
|
|a VIII, 260 p.
|b online resource.
|
| 336 |
|
|
|a text
|b txt
|2 rdacontent
|
| 337 |
|
|
|a computer
|b c
|2 rdamedia
|
| 338 |
|
|
|a online resource
|b cr
|2 rdacarrier
|
| 347 |
|
|
|a text file
|b PDF
|2 rda
|
| 490 |
1 |
|
|a Lecture Notes in Artificial Intelligence ;
|v 1759
|
| 505 |
0 |
|
|a Large-Scale Parallel Data Mining -- Parallel and Distributed Data Mining: An Introduction -- Mining Frameworks -- The Integrated Delivery of Large-Scale Data Mining: The ACSys Data Mining Project -- A High Performance Implementation of the Data Space Transfer Protocol (DSTP) -- Active Mining in a Distributed Setting -- Associations and Sequences -- Efficient Parallel Algorithms for Mining Associations -- Parallel Branch-and-Bound Graph Search for Correlated Association Rules -- Parallel Generalized Association Rule Mining on Large Scale PC Cluster -- Parallel Sequence Mining on Shared-Memory Machines -- Classification -- Parallel Predictor Generation -- Efficient Parallel Classification Using Dimensional Aggregates -- Learning Rules from Distributed Data -- Clustering -- Collective, Hierarchical Clustering from Distributed, Heterogeneous Data -- A Data-Clustering Algorithm on Distributed Memory Multiprocessors.
|
| 650 |
|
0 |
|a Artificial intelligence.
|
| 650 |
|
0 |
|a Database management.
|
| 650 |
|
0 |
|a Information storage and retrieval.
|
| 650 |
|
0 |
|a Computer communication systems.
|
| 650 |
|
0 |
|a Algorithms.
|
| 650 |
|
0 |
|a Application software.
|
| 650 |
1 |
4 |
|a Artificial Intelligence.
|0 http://scigraph.springernature.com/things/product-market-codes/I21000
|
| 650 |
2 |
4 |
|a Database Management.
|0 http://scigraph.springernature.com/things/product-market-codes/I18024
|
| 650 |
2 |
4 |
|a Information Storage and Retrieval.
|0 http://scigraph.springernature.com/things/product-market-codes/I18032
|
| 650 |
2 |
4 |
|a Computer Communication Networks.
|0 http://scigraph.springernature.com/things/product-market-codes/I13022
|
| 650 |
2 |
4 |
|a Algorithm Analysis and Problem Complexity.
|0 http://scigraph.springernature.com/things/product-market-codes/I16021
|
| 650 |
2 |
4 |
|a Information Systems Applications (incl. Internet).
|0 http://scigraph.springernature.com/things/product-market-codes/I18040
|
| 700 |
1 |
|
|a Zaki, Mohammed J.
|e editor.
|4 edt
|4 http://id.loc.gov/vocabulary/relators/edt
|
| 700 |
1 |
|
|a Ho, Ching-Tien.
|e editor.
|4 edt
|4 http://id.loc.gov/vocabulary/relators/edt
|
| 710 |
2 |
|
|a SpringerLink (Online service)
|
| 773 |
0 |
|
|t Springer eBooks
|
| 776 |
0 |
8 |
|i Printed edition:
|z 9783540671947
|
| 776 |
0 |
8 |
|i Printed edition:
|z 9783662175316
|
| 830 |
|
0 |
|a Lecture Notes in Artificial Intelligence ;
|v 1759
|
| 856 |
4 |
0 |
|u https://doi.org/10.1007/3-540-46502-2
|z Full Text via HEAL-Link
|
| 912 |
|
|
|a ZDB-2-SCS
|
| 912 |
|
|
|a ZDB-2-LNC
|
| 912 |
|
|
|a ZDB-2-BAE
|
| 950 |
|
|
|a Computer Science (Springer-11645)
|